The exact distribution of overlapping counting patterns associated with a sequence of homogeneous Markov-dependent multi-state trials : An application to second /
Kaydedildi:
| Yazar: | |
|---|---|
| Materyal Türü: | Makale |
| Dil: | English |
| Konular: | |
| Etiketler: |
Etiketle
Etiket eklenmemiş, İlk siz ekleyin!
|
| Thư viện lưu trữ: | Thư viện Trường Đại học Đà Lạt |
|---|
| LEADER | 00907nam a2200265 4500 | ||
|---|---|---|---|
| 001 | DLU090078657 | ||
| 005 | ##20090608 | ||
| 040 | # | # | |a DLU |b eng |
| 041 | # | # | |a eng |
| 044 | # | # | |a UK |
| 100 | # | # | |a Lou, W. Y. Wendy. |
| 245 | # | # | |a The exact distribution of overlapping counting patterns associated with a sequence of homogeneous Markov-dependent multi-state trials : An application to second / |c W. Y. Wendy Lou. |
| 653 | # | # | |a Markov chain |
| 653 | # | # | |a Probability matrix |
| 653 | # | # | |a Sequential continuity |
| 773 | # | # | |t Nonlinear Analysis, Theory, Methods & Applications |g Vol. 30, part 6 (December 1997), p. 3349-3357 |
| 920 | # | # | |a Phòng Tạp chí -- Trung tâm Thông tin - Thư viện Trường Đại học Đà Lạt |
| 994 | # | # | |a DLU |
| 900 | # | # | |a True |
| 911 | # | # | |a Trương Bảo Trâm Anh |
| 925 | # | # | |a G |
| 926 | # | # | |a A |
| 927 | # | # | |a BB |
| 980 | # | # | |a Thư viện Trường Đại học Đà Lạt |